Score 0/10 Timer 01:00
5 Plays Today
% Correct
Misha Collins
88.5%
Castiel
84.3%
Jensen Ackles
83.3%
Sam Winchester
83%
Bobby Singer
82.3%
Dean Winchester
82.1%
Crowley
81.7%
Jared Padalecki
78.9%
Mark Sheppard
69.6%
Jim Beaver
67%
Remove Ads.
Support Sporcle.
Get the best of Sporcle when you Go Orange. This ad-free experience offers more features, more stats, and more fun while also helping to support Sporcle. Thank you for becoming a member.

You're not logged in!

Compare scores with friends on all Sporcle quizzes.
OR
Log In

Show Comments

Extras

Top Quizzes Today


Score Distribution

Your Account Isn't Verified!

In order to create a playlist on Sporcle, you need to verify the email address you used during registration. Go to your Sporcle Settings to finish the process.

Report this User

Report this user for behavior that violates our Community Guidelines.

Details: